000 00804nam a2200205Ii 4500
003 JO-AjNU
008 230605s9999||||xx |||||||||||||| ||und||
040 _aJO-AjNU
_bara
_erda
_cJO-AjNU
041 _aara
050 1 4 _aG93.Y25.1990
100 3 _aتأليف: ياقوت الحموي، شهاب الدين ابي عبدالله الرومي البغدادي؛ تحقيق: فريد عبد العزيز الجندي,
_eauthor
_959098
245 0 0 _aمعجم البلدان، ج4
250 _aط1
264 3 1 _aبيروت: دار الكتب العلمية، 1990
300 _aج4: 566ص
_bيحتوي على فهرس
336 _atext
_btxt
_2rdacontent
337 _aunmediated
_bn
_2rdamedia
338 _avolume
_bnc
_2rdacarrier
650 4 _aجغرافيا - معاجم - عالم عربي
_959099
999 _aA26577
_c30145
_d30145